000 00449nam a2200133Ia 4500
003 GCL
008 140319s9999 xx 000 0 ara d
040 _aGCL /
_cGCL
082 0 4 _a332.46
_bرت
245 1 0 _aتحويلات المصريين المغتربين بالخارج المورد المفقود والامل المفقود
260 _a[S.N] :
_bالهيئة المصرية العامة للكتاب ،
_c1991
300 _a256 ص
490 _a
999 _c54935
_d54935